书目信息 |
| 题名: |
中央民族大学获奖科研成果简介
|
|
| 作者: | 陈理 , 喜饶尼玛 主编 | |
| 分册: | ||
| 出版信息: | 北京 中央民族大学出版社 2001.5 |
|
| 页数: | 267页 | |
| 开本: | 21cm | |
| 丛书名: | 中央民族大学建校五十周年丛书 | |
| 单 册: | ||
| 中图分类: | G649.281 | |
| 科图分类: | ||
| 主题词: | 中央民族大学--科研成果--简介 | |
| 电子资源: | ||
| ISBN: | 7-81056-525-7 | |
| 000 | 00802nam0 2200253 45 | |
| 001 | 012000000001 | |
| 005 | 20031219104055.1 | |
| 010 | @a7-81056-525-7@dCNY20.00 | |
| 100 | @a20011203d2001 em y0chiy0120 ea | |
| 101 | 0 | @achi |
| 102 | @aCN@b110000 | |
| 105 | @ay z 000yy | |
| 106 | @ar | |
| 200 | 1 | @a中央民族大学获奖科研成果简介@Azhong yang min zu da xue huo jiang ke yan cheng guo jian jie@f主编陈理,喜饶尼玛 |
| 210 | @a北京@c中央民族大学出版社@d2001.5 | |
| 215 | @a267页@d21cm | |
| 225 | 2 | @a中央民族大学建校五十周年丛书 |
| 410 | 0 | @12001 @a中央民族大学建校五十周年丛书 |
| 606 | 0 | @a中央民族大学@x科研成果@x简介 |
| 690 | @aG649.281@v4 | |
| 701 | 0 | @a陈理@Achen li@4主编 |
| 701 | 0 | @a喜饶尼玛@Axi rao ni ma@4主编 |
| 801 | @aCN@bTSTC@c20020427 | |
| 905 | @b309326-328@dG649.281@e147@f3 | |
| 中央民族大学获奖科研成果简介/主编陈理,喜饶尼玛.-北京:中央民族大学出版社,2001.5 |
| 267页;21cm.-(中央民族大学建校五十周年丛书) |
| ISBN 7-81056-525-7:CNY20.00 |
| ● |
| 相关链接 |
|
|
|
|
正题名:中央民族大学获奖科研成果简介
索取号:G649.281/147
 
预约/预借
| 序号 | 登录号 | 条形码 | 馆藏地/架位号 | 状态 | 备注 |
| 1 | 0309326 | 203093268 | 第四借阅区/ [索取号:G649.281/147] | 在馆 | |
| 2 | 0309327 | 203093277 | 第四借阅区/ [索取号:G649.281/147] | 在馆 | |
| 3 | 0309328 | 203093286 | 第一样本阅览室/ [索取号:G649.281/147] | 在馆 |